| 000 | 00371nam a22001577a 4500 | ||
|---|---|---|---|
| 020 | _a978-93-85554-00-1 | ||
| 082 |
_b823 _aALC/L |
||
| 100 | _aGEORGE, BEENA | ||
| 245 |
_aLITTLE WOMEN _bSHORT STORY |
||
| 246 |
_aLITTLE WOMEN _bSHORT STORY |
||
| 260 |
_aTHRISSUR _bH & C PUBLISHING HOUSE |
||
| 300 | _a48 | ||
| 520 | _aSHORT STORY | ||
| 650 | _aSHORT STORY | ||
| 942 | _cBK | ||
| 999 |
_c2669 _d2669 |
||